| 000 | 00785 a2200253 4500 | ||
|---|---|---|---|
| 005 | 20260311130812.0 | ||
| 020 | _a9781319426897 | ||
| 050 |
_aBF121 _bMYE 2024 |
||
| 100 |
_aMyers, David G. _eauthor |
||
| 245 |
_aPsychology / _cDavid G. Myers, C. Nathan DeWall and June Gruber |
||
| 250 | _aFourteenth edition | ||
| 264 |
_aNew York : _bWorth Publishers, _c2024 |
||
| 300 |
_axxxviii, 633 pages : _billustrations |
||
| 336 |
_2rdacontent _atext _btxt |
||
| 337 |
_2rdamedia _aunmediated _bn |
||
| 338 |
_2rdacarrier _avolume _bnc |
||
| 504 | _aIncludes bibliographical references and index | ||
| 505 | _a. | ||
| 520 | _a. | ||
| 650 | _aPsychology | ||
| 700 |
_aDeWall, Nathan C. _eauthor |
||
| 700 |
_aGruber, June _eauthor |
||
| 942 |
_2lcc _cBK _eFourteenth edition _h121 _iMYE _kBF |
||
| 999 |
_c11689 _d11689 |
||